书目信息 |
| 题名: |
AUTHORWARE 5.0 教程
|
|
| 作者: | 王慧芳 主编 | |
| 分册: | ||
| 出版信息: | 北京 电子工业出版社 1999.09 |
|
| 页数: | 351页 | |
| 开本: | 16开 | |
| 丛书名: | ||
| 单 册: | ||
| 中图分类: | TP311.56 | |
| 科图分类: | ||
| 主题词: | 软件 | |
| 电子资源: | ||
| ISBN: | 7-5053-5489-2 | |
| 000 | 00556nam0 2200193 45 | |
| 001 | 0011141955 | |
| 005 | 20001114191852.9 | |
| 010 | @a7-5053-5489-2@d48.00元 | |
| 100 | @a20001114d1999 km y0chiy0120 ea | |
| 101 | 0 | @achi |
| 105 | @a z 000yy | |
| 200 | 1 | @aAUTHORWARE 5.0 教程@AAUTHORWARE 5.0 Jiao Cheng@f王慧芳主编@FWang Hui Fang Zhu Bian |
| 210 | @a北京@c电子工业出版社@d1999.09 | |
| 215 | @a351页@d16开 | |
| 606 | 0 | @a软件 |
| 690 | @aTP311.56@v3 | |
| 701 | 0 | @a王慧芳@4主编 |
| 801 | @aCN@bPftUser@c20001114 | |
| 905 | @b405270-279@dTP311.56@eW242@f10 | |
| AUTHORWARE 5.0 教程/王慧芳主编.-北京:电子工业出版社,1999.09 |
| 351页;16开 |
| ISBN 7-5053-5489-2:48.00元 |
| ● |
| 相关链接 |
|
|
|
正题名:AUTHORWARE 5.0教程
索取号:TP311.56/W242
 
预约/预借
| 序号 | 登录号 | 条形码 | 馆藏地/架位号 | 状态 | 备注 |
| 1 | 405270 | 204052700 | 自科库301/301自科库 78排1列2层/ [索取号:TP311.56/W242] | 在馆 | |
| 2 | 405271 | 204052719 | 自科二线504/504自科库 5排2列5层/ [索取号:TP311.56/W242] | 在馆 | |
| 3 | 405272 | 204052728 | 自科二线504/504自科库 5排2列5层/ [索取号:TP311.56/W242] | 在馆 | |
| 4 | 405273 | 202024772 | 期刊室512/301自科库 43排6列1层/ [索取号:TP311.56/W242] | 在馆 | |
| 5 | 405274 | 204052746 | 自科库301/301自科库 78排1列2层/ [索取号:TP311.56/W242] | 在馆 | |
| 6 | 405275 | 204052755 | 自科库301/301自科库 78排1列2层/ [索取号:TP311.56/W242] | 在馆 | |
| 7 | 405276 | 204052764 | 自科二线504/504自科库 5排2列5层/ [索取号:TP311.56/W242] | 在馆 | |
| 8 | 405277 | 204052773 | 自科二线400A/400A自科库 6排2列2层/ [索取号:TP311.56/W242] | 在馆 | |
| 9 | 405278 | 204052782 | 自科库301/301自科库 78排1列2层/ [索取号:TP311.56/W242] | 在馆 | |
| 10 | 405279 | 204052791 | 自科二线504/504自科库 5排2列5层/ [索取号:TP311.56/W242] | 在馆 |